Name a County of England A-Z - Statistics

General Stats
  • This quiz has been taken 86 times
  • The average score is 11 of 16
Answer Stats
Hint Answer % Correct
C Cambridgeshire, Cheshire, Cornwall, Cumbria
90%
B Bedfordshire, Berkshire, Bristol, Buckinghamshire
88%
D Derbyshire, Devon, Dorset, Durham
88%
L Lancashire, Leicestershire, Lincolnshire, City of London
85%
E East Riding of Yorkshire, East Sussex, Essex
81%
N Norfolk, Northamptonshire, Northumberland, North Yorkshire, Nottinghamshire
81%
G Gloucestershire, Greater London, Greater Manchester
79%
W Warwickshire, West Midlands, West Sussex, West Yorkshire, Wiltshire, Worcestershire
78%
H Hampshire, Herefordshire, Hertfordshire
74%
S Shropshire, Somerset, South Yorkshire, Staffordshire, Suffolk, Surrey
74%
O Oxfordshire
61%
K Kent
58%
R Rutland
49%
I Isle of Wight
38%
M Merseyside
36%
T Tyne and Wear
32%
No matching quizzes found
Score Distribution
Percent of People with Each Score
Percentile by Number Answered
Your Score History
You have not taken this quiz